000 00487nam a2200193 a 4500
001 1765171463880
003 ACL
005 20251208105917.0
008 251208s2005##################000#0#eng##
020 _a9780851999982
082 0 4 _a630.96
_bDJU
100 1 _aDjurfeldt, Göran,
_eauthor.
245 1 0 _aThe African Food Crisis :
260 _bCABI Publishing,
_c2005.
300 _a265 pages
650 0 _aTechnology & Engineering.
942 _cENGLISH
040 _aACL
_beng
_cACL
999 _c601570
_d601570